Key to the families of flowering plants of the world
Salvato in:
| Autore principale: | |
|---|---|
| Natura: | Libro |
| Lingua: | inglese |
| Pubblicazione: |
London, United Kingdom
Clarendon Press
1967
|
| Soggetti: | |
| Tags: |
Aggiungi Tag
Nessun Tag, puoi essere il primo ad aggiungerne!!
|
MARC
| LEADER | 00000nam a2200000 a 4500 | ||
|---|---|---|---|
| 001 | UCT3750 | ||
| 003 | CL-VaPUC | ||
| 005 | 20230530074520.0 | ||
| 008 | 961031e19670000UK |||||||||||||||||eng|d | ||
| 999 | |c 253300 |d 253298 | ||
| 040 | |c Pontificia Universidad Católica de Valparaíso | ||
| 082 | 0 | 4 | |a 582.13 HUT 1967 |2 21 |
| 100 | 0 | |a Hutchinson, J |9 372764 | |
| 245 | 1 | 0 | |a Key to the families of flowering plants of the world |
| 260 | 0 | 3 | |a London, United Kingdom |b Clarendon Press |c 1967 |
| 300 | |a 123 páginas | ||
| 500 | |a Supplement to: The genera of flowering plants | ||
| 583 | |a last modification |c 19961031 00:00:00 |k Rodrigo Vera | ||
| 650 | 0 | |a Botánica |9 264202 | |
| 650 | 0 | |a Plantas |9 264555 | |
| 650 | 0 | |a Taxonomía de las plantas |9 360224 | |
| 650 | 7 | |a ESPERMATOFITAS |2 CL-VaPUC |9 372765 | |
| 650 | 0 | |a Flores |9 310803 | |
| 942 | |c BK |2 ddc | ||
| 945 | |d 19961031 00:00:00 |a cmena | ||